| 000 | 00521nam a22002057a 4500 | ||
|---|---|---|---|
| 005 | 20220726155438.0 | ||
| 008 | 220726b ||||| |||| 00| 0 eng d | ||
| 040 | _cAL | ||
| 041 | _aEnglish | ||
| 082 |
_223 _a324.269603 _bNAIO |
||
| 100 |
_aRavi Nair _953396 |
||
| 245 | _aOnward to Socialism | ||
| 260 |
_aNew Delhi _bSarvodaya Press |
||
| 300 |
_a92 p. _bPB _c21x13 cm. |
||
| 650 |
_aStruggle _953397 |
||
| 650 |
_aVictory _953398 |
||
| 650 |
_aH M K P _953399 |
||
| 700 |
_aNAIR (Ravi) _953400 |
||
| 942 |
_2ddc _cGF |
||
| 999 |
_c224201 _d224201 |
||